HIGH COURT CRIMINAL SESSION NO.49 OF 1974 Uganda Vs 1.Anatoli Jumba 2.Livingstone Balide (Record no. 7882)
[ view plain ]
| 000 -LEADER | |
|---|---|
| fixed length control field | 00479nam a22001097a 4500 |
| 008 - FIXED-LENGTH DATA ELEMENTS--GENERAL INFORMATION | |
| fixed length control field | 150716b xxu||||| |||| 00| 0 eng d |
| 010 ## - LIBRARY OF CONGRESS CONTROL NUMBER | |
| Field link and sequence number | HCCRS ARF:030 |
| 245 ## - TITLE STATEMENT | |
| Title | HIGH COURT CRIMINAL SESSION NO.49 OF 1974 Uganda Vs 1.Anatoli Jumba 2.Livingstone Balide |
| 260 ## - PUBLICATION, DISTRIBUTION, ETC. (IMPRINT) | |
| Place of publication, distribution, etc | High Court Kampala |
| 500 ## - GENERAL NOTE | |
| Materials specified | (original criminal Case No.LA.44 of 1971 of the Magistrate's court of Mengo at Kampala<br/>Before-His Worship H.H.Buch , Esq., M.G.1)<br/> |
| 500 ## - GENERAL NOTE | |
| Materials specified | BEFORE:The Hon.Mr. Justice M.Saied |
| Withdrawn status | Lost status | Source of classification or shelving scheme | Damaged status | Koha normalized classification for sorting | Not for loan | Location (home branch) | Sublocation or collection (holding branch) | Shelving location | Date acquired | Koha issues (times borrowed) | Koha full call number | Piece designation (barcode) | Koha date last seen | Price effective from | Koha item type | Public note |
|---|---|---|---|---|---|---|---|---|---|---|---|---|---|---|---|---|
| Dewey Decimal Classification | HCCRS_ARF030 | Archives | Archives | Archives | 07/16/2015 | HCCRS ARF:030 | 2948/2015 | 07/16/2015 | 07/16/2015 | Un Reported Cases | Judgement was entered on 20th May 1974 | |||||
| Dewey Decimal Classification | HCCRS_ARF030 | Archives | Archives | Archives | 07/16/2015 | HCCRS ARF:030 | 2949/2015 | 07/16/2015 | 07/16/2015 | Un Reported Cases | Judgement was entered on 20th May 1974 |
